000 00893nam a2200217 a 4500
001 000019342
003 AM-YEHGA
005 20250618070811.0
008 030329s1880 ai |||||||||||||0|||arm|c
040 _aAM-YeHGA
041 0 _aarm
100 0 _aՄխիթար Գոշ,
_d1120-1213
_94046
245 1 0 _aԴատաստանագիրք հայոց :
_bԻրաւբանական հետազօտութիւնք հանդերձ ծանօթութեամբք /
_cՄխիթար Գոշ ; Կազմ.՝ Վահան Ծ. վարդապետ Բաստամեանց.
260 _aՎաղարշապատ :
_bԻ տպարանի Սրբոյ Կաթողիկէ Էջմիածնի,
_c1880.
300 _a442 էջ, Ա-ԺԲ էջ:.
650 1 4 _aԻրավագիտություն
_95252
653 0 _aԴատաստանագիրք
700 1 _aԲաստամյան, Վահան,
_d1835-1881
_eկազմ.
_4com
_92909
942 _2udc
_cBK
090 _c6686
999 _c6642
_d6642